01016nam a2200205 a 450000100100000000500170001000800410002704000250006808200160009310000320010924500860014126000530022730000200028050001910030050400300049159000760052104900090059795201870060699900170079300003543420200930074335.0111031s1949 cu 000 0 spa d aDO-SdBNPbspacBNPHU axxxxbV131m1 aVaillant Luna, Mario96126810aMaceo en Mayari :b(aporte a la historia local de Mayari) /cMario Vaillant Luna. aMayari :bImprenta Juan B. Granda Ferrer,c1949. a28 p. ;c20 cm. aHistoriador del término municipal de Mayarí, por acuerdo de su Cámara Municipal de 14 de nov. de 1946, Director de la Biblioteca Pública y de la Escuela Nocturna "Antonio Maceo". aBibliografía : p. [29]. aPerteneció a la biblioteca personal de Juan Isidro Jimenes Grullón. aBNGR 001050718MOaGRbGRcCTd2011-10-31iLF1l0oxxxx V131mp35434-10r2020-06-25w2020-06-25y1zPerteneció a la biblioteca personal de Juan Isidro Jimenes GrullónZNo se presta c34925d34925